<?xml version="1.0" encoding="UTF-8"?><marc:collection xmlns:marc="http://www.loc.gov/MARC21/slim">
  <marc:record>
    <marc:leader>00000nam  2200000za 4500</marc:leader>
    <marc:controlfield tag="001">9.639365</marc:controlfield>
    <marc:controlfield tag="003">CaOODSP</marc:controlfield>
    <marc:controlfield tag="005">20240209132624</marc:controlfield>
    <marc:controlfield tag="007">cr |||||||||||</marc:controlfield>
    <marc:controlfield tag="008">150407s1998    nkc|||||o    f|0| 0 fre d</marc:controlfield>
    <marc:datafield tag="040" ind1=" " ind2=" ">
      <marc:subfield code="a">CaOODSP</marc:subfield>
      <marc:subfield code="b">fre</marc:subfield>
    </marc:datafield>
    <marc:datafield tag="043" ind1=" " ind2=" ">
      <marc:subfield code="a">n-cn---</marc:subfield>
    </marc:datafield>
    <marc:datafield tag="086" ind1="1" ind2=" ">
      <marc:subfield code="a">C89-4/47-1998F-PDF</marc:subfield>
    </marc:datafield>
    <marc:datafield tag="110" ind1="2" ind2=" ">
      <marc:subfield code="a">Agence de promotion économique du Canada atlantique.</marc:subfield>
    </marc:datafield>
    <marc:datafield tag="245" ind1="1" ind2="0">
      <marc:subfield code="a">État de la petite entreprise et de l'entrepreneurship dans la région de l'Atlantique - 1998 </marc:subfield>
      <marc:subfield code="h">[ressource électronique].</marc:subfield>
    </marc:datafield>
    <marc:datafield tag="250" ind1=" " ind2=" ">
      <marc:subfield code="a">[5e éd.]</marc:subfield>
    </marc:datafield>
    <marc:datafield tag="260" ind1=" " ind2=" ">
      <marc:subfield code="a">Moncton, Nouveau-Brunswick : </marc:subfield>
      <marc:subfield code="b">Agence de promotion économique du Canada atlantique, </marc:subfield>
      <marc:subfield code="c">1998.</marc:subfield>
    </marc:datafield>
    <marc:datafield tag="300" ind1=" " ind2=" ">
      <marc:subfield code="a">120 p. : </marc:subfield>
      <marc:subfield code="b">figures, graphiques, références, tableaux, photographies.</marc:subfield>
    </marc:datafield>
    <marc:datafield tag="500" ind1=" " ind2=" ">
      <marc:subfield code="a">«Présente une analyse générale de la dynamique de la croissance de l'emploi et du nombre d'entreprises en fonction du nombre d'emplois pendant la période de 1989 à 1995. On y présente également un résumé des résultats de recherche récentes sur le démarrage d'entreprises dans la région, de l'incidence des femmes entrepreneurs sur l'économie de la région de l'Atlantique, et de la compétitivité régionale.»--Page v. Financé en vertu du Programme sur le développement de l'entrepreneurship en Atlantique.</marc:subfield>
    </marc:datafield>
    <marc:datafield tag="500" ind1=" " ind2=" ">
      <marc:subfield code="a">Les n° de catalogue (C89-4/47-1998F et C89-4/47-1998E) et les ISBN (0-662-83207-8 et 0-662-27203-X) de l'édition imprimée ont été incorrectement copiés dans cette édition électronique.</marc:subfield>
    </marc:datafield>
    <marc:datafield tag="520" ind1="3" ind2=" ">
      <marc:subfield code="a">Présente une analyse générale de la dynamique de la croissance de l'emploi et du nombre d'entreprises en fonction du nombre d'emplois pendant la période de 1989 à 1995. On y présente également un résumé des résultats de recherche récentes sur le démarrage d'entreprises dans la région, de l'incidence des femmes entrepreneurs sur l'économie de la région de l'Atlantique, et de la compétitivité régionale.--Page v</marc:subfield>
    </marc:datafield>
    <marc:datafield tag="590" ind1=" " ind2=" ">
      <marc:subfield code="a">11-29-Supp</marc:subfield>
      <marc:subfield code="b">2011-11-25</marc:subfield>
    </marc:datafield>
    <marc:datafield tag="691" ind1="0" ind2="7">
      <marc:subfield code="a">Développement économique</marc:subfield>
      <marc:subfield code="2">gcpds</marc:subfield>
    </marc:datafield>
    <marc:datafield tag="691" ind1="0" ind2="7">
      <marc:subfield code="a">Petite entreprise</marc:subfield>
      <marc:subfield code="2">gcpds</marc:subfield>
    </marc:datafield>
    <marc:datafield tag="775" ind1="0" ind2="8">
      <marc:subfield code="t">The state of small business and entrepreneurship in Atlantic Canada - 1998 </marc:subfield>
      <marc:subfield code="w">(CaOODSP)9.695219</marc:subfield>
    </marc:datafield>
    <marc:datafield tag="776" ind1="0" ind2="#">
      <marc:subfield code="t">État de la petite entreprise et de l'entrepreneurship dans la région de l'Atlantique, 1998 </marc:subfield>
      <marc:subfield code="w">(CaOODSP)9.680554</marc:subfield>
    </marc:datafield>
    <marc:datafield tag="794" ind1=" " ind2=" ">
      <marc:subfield code="t">État de la petite entreprise et de l'entrepreneurship - Canada Atlantique 2005 </marc:subfield>
      <marc:subfield code="w">(CaOODSP)9.632071</marc:subfield>
    </marc:datafield>
    <marc:datafield tag="856" ind1="4" ind2="0">
      <marc:subfield code="a">http://publications.gc.ca</marc:subfield>
      <marc:subfield code="q">PDF</marc:subfield>
      <marc:subfield code="s">1.03 Mo</marc:subfield>
      <marc:subfield code="u">https://publications.gc.ca/collections/Collection/C89-4-47-1998F.pdf</marc:subfield>
    </marc:datafield>
  </marc:record>
</marc:collection>
